000 00689nam a22002057a 4500
005 20100807152724.0
010 _aENG-98842
020 _a8126014946
_c25.00
035 _aEN-82374
037 _bDBAD/PUB
082 _a883
100 _aRajagopalan, E. P.
_98750
245 _aCherukat govinda pisharody /
_cby E. P. Rajagopalan
260 _aNew Delhi
_bSahitya Akademi
_c2002
270 _aRabindra Bhavan, 35 Ferozeshah Road
_bNew Delhi
_e110001
300 _a83p.
_c23cm (pbk)
490 _aMakers of English Literature
_98751
942 _2ddc
_cEN
_h883
_mRAJ
999 _c40141
_d40141